000 00635nam a2200193Ii 4500
003 JO-AjNU
008 230605s9999||||xx |||||||||||||| ||und||
040 _aJO-AjNU
_bara
_erda
_cJO-AjNU
041 _aara
050 1 4 _aTH2101.D73 2004
100 3 _aدرويش، عماد /م مشارك ادهم السرحان ,
_eauthor
_951281
245 0 0 _aالاساسات الوتدية
264 3 1 _aدمشق :دار دمشق للطباعة ، 1994
300 _a308ص
336 _atext
_btxt
_2rdacontent
337 _aunmediated
_bn
_2rdamedia
338 _avolume
_bnc
_2rdacarrier
650 4 _aالاساسات الوتدية
_951282
999 _aA22641
_c26209
_d26209